MARC

LEADER 00000nam0a2200000 4500
001 278602
005 20231101235129.0
020 |a RU  |b 86-28429 
035 |a (RuTPU)RU\TPU\book\301879 
090 |a 278602 
100 |a 20141212d1986 k y0rusy5003 ca 
101 0 |a rus 
102 |a KZ 
105 |a a z 001zy 
200 1 |a Механика скальных массивов и устойчивость карьерных откосов  |f И. И. Попов, Р. П. Окатов, Ф. К. Низаметдинов 
210 |a Алма-Ата  |c Наука  |d 1986 
215 |a 254 с.  |c ил. 
320 |a Библиогр.: с. 247-253 (125 назв.) 
606 1 |a Карьеры  |x Борта  |2 stltpush  |3 (RuTPU)RU\TPU\subj\13972  |9 40503 
606 1 |a Механика скальных грунтов  |2 stltpush  |3 (RuTPU)RU\TPU\subj\43577  |9 63062 
610 1 |a горные породы 
610 1 |a устойчивость 
610 1 |a физико-механические свойства 
610 1 |a скальные массивы 
610 1 |a карьерные откосы 
675 |a 624.121.4  |v 4 
675 |a 622.271.33  |v 4 
700 1 |a Попов  |b И. И.  |g Иван Иннокентьевич  |4 070 
701 1 |a Окатов  |b Р. П.  |g Рафаил Петрович 
701 1 |a Низаметдинов  |b Ф. К.  |g Фарит Камалович 
801 0 |a RU  |b RuMRKP  |c 19950704  |g psbo 
801 1 |a RU  |b 63413507  |c 20141212 
801 2 |a RU  |b 63413507  |c 20181031  |g RCR 
942 |c BK